| 000 | 00983nam0a22002531 4500 | ||
|---|---|---|---|
| 001 | rc\1078853 | ||
| 005 | 20250622140009.0 | ||
| 035 | _a(NLR Aleph) 006327470 | ||
| 090 |
_a7509984 _c7509984 |
||
| 100 | _a20041126d1984 |||y0rusy50 ca | ||
| 101 | 0 | _arus | |
| 102 | _aRU | ||
| 105 | _ay ||||||||| | ||
| 200 | 1 |
_aСистема обработки солончаковых почв _eПодборка реф. информ. _fБаза данных МСИС НИР и др. |
|
| 210 |
_a[М.] _cМЦНТИ _d1984 |
||
| 215 |
_a[1], 34 л. _d20 |
||
| 300 | _aПарал. загл. на монг. яз. | ||
| 300 | _aВ надзаг. также: Междунар. центр науч. и техн. информ., Центр науч. и техн. информ. при Гос. ком. МНР по науке и технике | ||
| 333 | _aДСП. Экз. № 0000007 | ||
| 801 | 0 |
_aRU _bNLR _gpsbo |
|
| 801 | 1 |
_aRU _bELAR _2rusmarc |
|
| 852 |
_aNLR _j84-50К/8308 |
||
| 942 | _cBOOK | ||
| 980 | _aNB | ||